[Event "Dortmund Sparkassen op-B"]
[Site "Dortmund"]
[Date "2013.08.03"]
[Round "8"]
[White "Lueck, Kai"]
[Black "Schmitz, Julian"]
[Result "1-0"]
[WhiteElo "2119"]
[BlackElo "1706"]
[PlyCount "57"]
[EventDate "2013.07.27"]
[EventType "swiss"]
[EventRounds "9"]
[EventCountry "GER"]
[SourceTitle "EXT 2022"]
[Source "ChessBase"]
[SourceDate "2021.10.06"]
[SourceVersion "1"]
[SourceVersionDate "2021.10.06"]
[SourceQuality "1"]

1. d4 d5 2. Nf3 Nf6 3. Bf4 Bf5 4. e3 e6 5. Bd3 Bg6 6. 0-0 Nbd7 7. Bg3 c5 8. c3 Qb6 9. Bxg6 hxg6 10. Qb3 Ne4 11. Nbd2 Ndf6 12. Be5 Nxd2 13. Nxd2 Kd7 14. Rfd1 c4 15. Qc2 Bd6 16. f3 Qc7 17. f4 Ng4 18. Nf1 Qd8 19. h3 Nf6 20. Ng3 Rh4 21. e4 Bc7 22. Re1 Rxf4 23. exd5 Bxe5 24. dxe6+ fxe6 25. Rxe5 Nd5 26. Qxg6 Qe7 27. Rae1 Rf6 28. Rxd5+ Kc7 29. Qe4 1-0